| 000 | 00469nam a22001697a 4500 | ||
|---|---|---|---|
| 999 |
_c478403 _d478403 |
||
| 003 | NUST | ||
| 005 | 20180528082802.0 | ||
| 008 | 180528b ||||| |||| 00| 0 eng d | ||
| 020 | _a9788177588293 | ||
| 038 | _aSNS Library | ||
| 082 | _a006.31 | ||
| 100 |
_aDavid E. Goldberg _910551 |
||
| 245 |
_aGenetic Algorithms _bIn Search, Optimization & Machine Learning _cDavid E. Goldberg |
||
| 260 |
_aIndia _bPearson _c1989 |
||
| 300 |
_a412 p. _bPb. |
||
| 942 |
_2ddc _cBK |
||